Ekonomická věda v konfrontaci se společenským vývojem prochází neuralgickým bodem

Zlyhávanie klasickej ekonomickej paradigny v nových podmienkach svetového hospodárstva. Otázky existencie rovnováhy pre ekonomické stavy. Ambivalencia javov financializácie pre finančné trhy, najmä však pre bankový sektor.

Gespeichert in:
Bibliographische Detailangaben
1. Verfasser: Daňhel, Jaroslav
Weitere Verfasser: Ducháčková, Eva, Radová, Jarmila
Format: Buchkapitel
Sprache:Tschechisch
Schlagworte:
Tags: Tag hinzufügen
Keine Tags, Fügen Sie das erste Tag hinzu!

MARC

LEADER 00000naa a2200000 4500
001 0220292
005 20231116111116.7
041 0 |a cze 
044 |a CZ 
245 1 0 |a Ekonomická věda v konfrontaci se společenským vývojem prochází neuralgickým bodem  |c Jaroslav Daňhel, Eva Ducháčková, Jarmila Radová 
520 |a Zlyhávanie klasickej ekonomickej paradigny v nových podmienkach svetového hospodárstva. Otázky existencie rovnováhy pre ekonomické stavy. Ambivalencia javov financializácie pre finančné trhy, najmä však pre bankový sektor. 
610 2 0 |a hospodárstvo svetové 
610 2 0 |a globalizácia 
610 2 0 |a javy ekonomické 
610 2 0 |a rovnováha hospodárska 
100 1 |a Daňhel, Jaroslav 
700 1 |a Ducháčková, Eva 
700 1 |a Radová, Jarmila